000 00604nam a2200181Ia 4500
008 151202s9999||||xx |||||||||||||| ||und||
082 _bPNVM-55866
100 _aक्षेत्रमाडे सुमती.
245 _aक्रौंचवध.
260 _b"मनोरंजन प्रकाशन,मुंबई."
260 _c0
300 _a116
600 _aक्षेत्रमाडे सुमती.
630 _aक्रौंचवध.
700 _aक्षेत्रमाडे सुमती.
730 _aक्रौंचवध.
942 _cBOOK
999 _c1322404
_d1322401